00550 a2200241 4500260001400000630001800014037001200032037001200044650003900056100002400095260001200119245004400131300001000175650001400185260000900199300001100208100000700219037001100226037001100237037001100248700003100259020001800290 aBruxelles a57 - Biologie b2, CIUF b1, UREF a5 - SCIENCES EXACTES ET NATURELLES aCooper, Geoffrey M. bDeBoeck aLa Cellule : une approche moléculaire a674p. aCytologie c1999 b28 cm. lFr aS 7434 aS 7485 aS 7486 aTrad., François, Camille a2-7445-0056-9